[Event "Muensterland Verbandsliga 0910"]
[Site "Germany"]
[Date "2009.09.26"]
[Round "1.4"]
[White "Grawunder, Juergen"]
[Black "Steiner, Karl"]
[Result "1/2-1/2"]
[WhiteElo "1919"]
[BlackElo "1958"]
[PlyCount "72"]
[EventDate "2009.09.26"]
[EventType "team-tourn"]
[EventRounds "9"]
[EventCountry "GER"]
[SourceTitle "EXT 2011"]
[Source "ChessBase"]
[SourceDate "2010.11.26"]
[SourceVersion "1"]
[SourceVersionDate "2010.11.26"]
[SourceQuality "1"]
[WhiteTeam "Sendenhorst"]
[BlackTeam "Bocholt"]
[WhiteTeamCountry "GER"]
[BlackTeamCountry "GER"]

1. b4 e5 2. Bb2 d6 3. c4 f5 4. e3 Nf6 5. Nc3 Nc6 6. a3 g6 7. Nf3 Bg7 8. d4 0-0 9. dxe5 Nxe5 10. Nxe5 dxe5 11. Qxd8 Rxd8 12. Nb5 Ne8 13. Rd1 Rxd1+ 14. Kxd1 c6 15. Nc3 Be6 16. c5 Bb3+ 17. Kc1 Rd8 18. Be2 e4 19. Nb1 Nf6 20. Nd2 Ba4 21. Bc4+ Kf8 22. h3 Nd7 23. Bxg7+ Kxg7 24. f4 exf3 25. Nxf3 Kf6 26. g4 h6 27. gxf5 gxf5 28. Rg1 b6 29. cxb6 Nxb6 30. Ba2 Rd3 31. Nh4 Nd5 32. Rg6+ Kf7 33. Rxh6 Rd1+ 34. Kb2 Rd2+ 35. Kb1 Rd1+ 36. Kb2 Rd2+ 1/2-1/2

[Event "Muensterland Verbandsliga 0809"]
[Site "Germany"]
[Date "2009.02.28"]
[Round "7.8"]
[White "Tenhuendfeld, Bernd"]
[Black "Grawunder, Juergen"]
[Result "0-1"]
[WhiteElo "1787"]
[BlackElo "2119"]
[PlyCount "54"]
[EventDate "2008.09.20"]
[EventType "team-tourn"]
[EventRounds "9"]
[EventCountry "GER"]
[SourceTitle "EXT 2010"]
[Source "ChessBase"]
[SourceDate "2010.11.25"]
[SourceVersion "1"]
[SourceVersionDate "2010.11.25"]
[SourceQuality "1"]
[WhiteTeam "Ahaus Wessum"]
[BlackTeam "Sendenhorst"]
[WhiteTeamCountry "GER"]
[BlackTeamCountry "GER"]

1. d4 Nf6 2. c4 c5 3. d5 b5 4. cxb5 a6 5. b6 Qxb6 6. Nc3 d6 7. Nf3 g6 8. e4 Bg7 9. Be2 Bd7 10. a4 Qb4 11. Qc2 Nxe4 12. Bd2 Nxd2 13. Qxd2 0-0 14. 0-0 Bf5 15. Rfe1 Nd7 16. Bf1 Rfe8 17. h3 h5 18. a5 Ne5 19. Nh2 Nc4 20. Bxc4 Qxc4 21. Nf1 Qb4 22. Ng3 Bd7 23. Kh1 Rab8 24. Reb1 Qh4 25. Kh2 Rb4 26. Rd1 Reb8 27. Rab1 Be5 0-1

[Event "Muensterland Verbandsliga 0809"]
[Site "Germany"]
[Date "2009.01.10"]
[Round "5.8"]
[White "Andersen, Guido"]
[Black "Grawunder, Juergen"]
[Result "0-1"]
[WhiteElo "1507"]
[BlackElo "2119"]
[PlyCount "72"]
[EventDate "2008.09.20"]
[EventType "team-tourn"]
[EventRounds "9"]
[EventCountry "GER"]
[SourceTitle "EXT 2010"]
[Source "ChessBase"]
[SourceDate "2010.11.25"]
[SourceVersion "1"]
[SourceVersionDate "2010.11.25"]
[SourceQuality "1"]
[WhiteTeam "Bocholt"]
[BlackTeam "Sendenhorst"]
[WhiteTeamCountry "GER"]
[BlackTeamCountry "GER"]

1. c4 d6 2. Nc3 g6 3. g3 Bg7 4. Bg2 Nf6 5. e3 e5 6. Nge2 Nbd7 7. 0-0 0-0 8. b3 c6 9. Bb2 Ne8 10. d4 f5 11. dxe5 dxe5 12. Na4 Qe7 13. Qc2 Nef6 14. Rad1 Nb6 15. Nac3 Be6 16. Rd2 Rad8 17. Rfd1 Nh5 18. f4 Rxd2 19. Qxd2 Re8 20. Bf3 Nf6 21. h3 h5 22. Qd6 Qxd6 23. Rxd6 e4 24. Bh1 Bxc4 25. Kf2 Bd5 26. Nxd5 Nbxd5 27. Bxf6 Nxf6 28. Rd1 Kf7 29. Bg2 Ke7 30. Ke1 Nd5 31. Kf2 a5 32. Bf1 a4 33. Rd2 axb3 34. axb3 Ra8 35. Nd4 Bxd4 36. Rxd4 Ra2+ 0-1

[Event "Muensterland Verbandsliga 0809"]
[Site "Germany"]
[Date "2008.12.13"]
[Round "4.8"]
[White "Grawunder, Juergen"]
[Black "Virnyi, Julius"]
[Result "1-0"]
[WhiteElo "2119"]
[BlackElo "1728"]
[PlyCount "81"]
[EventDate "2008.09.20"]
[EventType "team-tourn"]
[EventRounds "9"]
[EventCountry "GER"]
[SourceTitle "EXT 2010"]
[Source "ChessBase"]
[SourceDate "2010.11.25"]
[SourceVersion "1"]
[SourceVersionDate "2010.11.25"]
[SourceQuality "1"]
[WhiteTeam "Sendenhorst"]
[BlackTeam "Muenster SK II"]
[WhiteTeamCountry "GER"]
[BlackTeamCountry "GER"]

1. e4 c5 2. Nf3 d6 3. d3 Nc6 4. c3 Nf6 5. Be2 e6 6. 0-0 Be7 7. Nbd2 0-0 8. Ne1 d5 9. f4 e5 10. f5 b5 11. Qc2 Bb7 12. h3 Rc8 13. Nef3 Qb6 14. Kh1 Rfd8 15. a4 a6 16. axb5 axb5 17. b3 dxe4 18. dxe4 Rd7 19. Re1 Rcd8 20. Nf1 Bd6 21. Ng3 Ne7 22. Bg5 Ne8 23. Be3 Bc6 24. b4 Rb7 25. Red1 Bd7 26. Qa2 h6 27. Rxd6 Nxd6 28. Bxc5 Qc7 29. Kg1 Be8 30. Rd1 Rbb8 31. Nh4 Nb7 32. f6 Rxd1+ 33. Bxd1 gxf6 34. Bxe7 Qxe7 35. Nhf5 Qd8 36. Qe2 Qb6+ 37. Kh2 Bc6 38. Qg4+ Kf8 39. Qg7+ Ke8 40. Qxf6 Qc7 41. Ng7+ 1-0

[Event "Muensterland Verbandsklasse-B 0708"]
[Site "Germany"]
[Date "2008.04.12"]
[Round "8.8"]
[White "Grawunder, Juergen"]
[Black "Schlitter, Klaus"]
[Result "0-1"]
[WhiteElo "1927"]
[BlackElo "1845"]
[PlyCount "96"]
[EventDate "2007.09.15"]
[EventType "team"]
[EventRounds "9"]
[EventCountry "GER"]
[SourceTitle "EXT 2009"]
[Source "ChessBase"]
[SourceDate "2008.11.26"]
[SourceVersion "1"]
[SourceVersionDate "2008.11.26"]
[SourceQuality "1"]
[WhiteTeam "Sendenhorst"]
[BlackTeam "Steinfurt"]
[WhiteTeamCountry "GER"]
[BlackTeamCountry "GER"]

1. e4 e6 2. d3 c5 3. c3 Nc6 4. Nf3 g6 5. g3 Bg7 6. Bg2 Nge7 7. 0-0 d6 8. Be3 0-0 9. d4 cxd4 10. Nxd4 a6 11. a4 Qc7 12. Nd2 Rb8 13. N2b3 b5 14. Nxc6 Nxc6 15. a5 Ne5 16. Bb6 Qe7 17. Nd2 Nd7 18. Bd4 Bb7 19. Bxg7 Kxg7 20. c4 Bc6 21. b3 Nc5 22. e5 Bxg2 23. exd6 Qb7 24. b4 Bh3 25. f3 Bxf1 26. Kxf1 Nd7 27. c5 Qd5 28. Qc2 Rbc8 29. Ne4 Ne5 30. Rd1 Qc6 31. Qc3 f6 32. Kg2 Kg8 33. Nxf6+ Rxf6 34. Qxe5 Qxf3+ 35. Kh3 Qxd1 36. Qxf6 Qh5+ 37. Kg2 Qd5+ 38. Kh3 Rf8 39. Qa1 Rf5 40. Qb1 Rh5+ 41. Kg4 Rg5+ 42. Kh4 Rh5+ 43. Kg4 Qd4+ 44. Kf3 Rf5+ 45. Kg2 Qf2+ 46. Kh3 Rh5+ 47. Kg4 Qe2+ 48. Kf4 e5# 0-1

[Event "Muensterland Verbandsklasse-B 0708"]
[Site "Germany"]
[Date "2008.03.08"]
[Round "7.7"]
[White "Grawunder, Juergen"]
[Black "Adam, Reimund"]
[Result "1-0"]
[WhiteElo "1927"]
[BlackElo "1605"]
[PlyCount "85"]
[EventDate "2007.09.15"]
[EventType "team"]
[EventRounds "9"]
[EventCountry "GER"]
[SourceTitle "EXT 2009"]
[Source "ChessBase"]
[SourceDate "2008.11.26"]
[SourceVersion "1"]
[SourceVersionDate "2008.11.26"]
[SourceQuality "1"]
[WhiteTeam "Sendenhorst"]
[BlackTeam "Borken"]
[WhiteTeamCountry "GER"]
[BlackTeamCountry "GER"]

1. e4 c5 2. Nf3 Nc6 3. d3 d6 4. c3 g6 5. Be2 Bg7 6. 0-0 e5 7. a4 Nge7 8. Na3 0-0 9. Rb1 h6 10. b4 cxb4 11. cxb4 Be6 12. Nc4 Rb8 13. b5 Na5 14. Ba3 Nxc4 15. dxc4 Nc8 16. Qd2 Re8 17. Rfd1 Bf8 18. Nxe5 Qe7 19. Nf3 Bg4 20. h3 Bxf3 21. Bxf3 Qe6 22. e5 dxe5 23. Bxf8 Rxf8 24. Bd5 Qf6 25. Qxh6 Nb6 26. a5 Nxd5 27. Rxd5 Rbc8 28. Qe3 Rxc4 29. Qxa7 Rfc8 30. Qxb7 R4c7 31. Qa6 Qxa6 32. bxa6 Ra8 33. Rb6 e4 34. Kh2 Rc2 35. Kg3 Ra7 36. h4 Rc4 37. h5 Kg7 38. hxg6 fxg6 39. Rb7+ Rc7 40. Rdb5 Kh6 41. Kf4 e3 42. Kxe3 Re7+ 43. Kd4 1-0

[Event "Muensterland Verbandsklasse-B 0708"]
[Site "Germany"]
[Date "2008.01.26"]
[Round "5.7"]
[White "Grawunder, Juergen"]
[Black "Zachert, Axel"]
[Result "0-1"]
[WhiteElo "1927"]
[BlackElo "1587"]
[PlyCount "68"]
[EventDate "2007.09.15"]
[EventType "team"]
[EventRounds "9"]
[EventCountry "GER"]
[SourceTitle "EXT 2009"]
[Source "ChessBase"]
[SourceDate "2008.11.26"]
[SourceVersion "1"]
[SourceVersionDate "2008.11.26"]
[SourceQuality "1"]
[WhiteTeam "Sendenhorst"]
[BlackTeam "Westerkappeln"]
[WhiteTeamCountry "GER"]
[BlackTeamCountry "GER"]

1. e4 c5 2. Nf3 d6 3. c3 Nf6 4. Be2 Nxe4 5. Qa4+ Nc6 6. Qxe4 e5 7. Bb5 Bd7 8. 0-0 f5 9. Qc4 Qe7 10. d4 h6 11. d5 e4 12. Re1 Nb8 13. Nfd2 a6 14. Bxd7+ Nxd7 15. Qb3 Ne5 16. Nxe4 fxe4 17. Rxe4 0-0-0 18. f4 Qh4 19. g3 Nf3+ 20. Kf2 Qxh2+ 21. Kxf3 Qh1+ 22. Ke3 Qxc1+ 23. Kf2 Qh1 24. Re1 Qh2+ 25. Kf3 Qh5+ 26. Kg2 g5 27. Qd1 g4 28. Rh1 Qf5 29. Na3 Re8 30. Nc2 h5 31. Kf2 h4 32. Rf1 hxg3+ 33. Kxg3 Rh3+ 34. Kg2 Qe4+ 0-1

[Event "Muensterland Verbandsklasse-A 0506"]
[Site "Germany"]
[Date "2006.03.25"]
[Round "3.4"]
[White "Lipkin, Ilia"]
[Black "Grawunder, Juergen"]
[Result "1/2-1/2"]
[WhiteElo "1898"]
[BlackElo "2119"]
[PlyCount "51"]
[EventDate "2005.09.03"]
[EventType "team"]
[EventRounds "9"]
[EventCountry "GER"]
[SourceTitle "EXT 2006"]
[Source "ChessBase"]
[SourceDate "2005.11.24"]
[SourceVersion "1"]
[SourceVersionDate "2005.11.24"]
[SourceQuality "1"]
[WhiteTeam "Nienberge"]
[BlackTeam "Sendenhorst"]
[WhiteTeamCountry "GER"]
[BlackTeamCountry "GER"]

1. Nf3 Nf6 2. g3 c5 3. Bg2 Nc6 4. 0-0 d5 5. d3 e5 6. Nbd2 Be7 7. e4 dxe4 8. dxe4 0-0 9. Qe2 Qc7 10. c3 h6 11. Re1 Be6 12. Nh4 Rfe8 13. Nc4 Rad8 14. Nf5 Bf8 15. Be3 Qc8 16. Nh4 Ng4 17. Nf5 Nf6 18. Nh4 b6 19. b3 g5 20. Nf5 Bxf5 21. exf5 Ne7 22. Nxe5 Nxf5 23. Nc6 Nxe3 24. fxe3 Rd7 25. Qf3 Re6 26. Rad1 1/2-1/2